000 01020cam a2200253 4500
001 hew68000103
003 DLC
005 20260227111517.0
008 690526s1968 dcu 000 0 eng c
010 _ahew68000103
040 _aU.S. Dept. of Health, Education and Welfare. Library
_cDLC
_dDLC
050 0 0 _aHV741
_b.A365 no. 2
082 0 0 _a362.8/3/09753
100 1 _aHoward, Marion,
_d1936-
245 1 4 _aThe Webster School;
_ba District of Columbia program for pregnant girls.
260 _aWashington,
_bU.S. Dept. of Health, Education, and Welfare, Children's Bureau,
_c1968.
300 _av, 93 p.
_c25 cm.
410 1 0 _a[United States]
_bChildren's Bureau.
_tResearch reports,
_vno. 2
500 _a"A study funded through the child welfare research and demonstration grants program."
650 0 _aMaternal and infant welfare
_zWashington (D.C.)
610 2 0 _aWebster School, Washington, D.C.
650 4 _aMaternal and infant welfare
_zDistrict of Columbia.
610 2 4 _aWebster School, Washington, D.C.
999 _c34796
_d34796